Montnegre Corredor / [textos: Antoni Bombí i Aruzo i Enric Rasche i Villanova] Antoni Bombí i Aruzo i Enric Rasche i Villanova]
Descripción Física:
23 p. : il. col. ; 21 cm
Colección:
Guia del medi natural ; 7
Otros Autores:
Rasche i Villanova, Enric
MARC
| LEADER | 00000nam a2200000Ia 4500 | ||
|---|---|---|---|
| 001 | 18469 | ||
| 008 | 160829s9999 xx 000 0 cat d | ||
| 080 | |a FU-51-7 | ||
| 100 | |a Bombí i Aruzo, Antoni |9 40130 | ||
| 245 | |a Montnegre Corredor / [textos: |b Antoni Bombí i Aruzo i Enric Rasche i Villanova] | ||
| 260 | |a Barcelona : |b Diputació de Barcelona, [199 - ?] | ||
| 300 | |a 23 p. : |b il. col. ; |c 21 cm | ||
| 490 | |a Guia del medi natural ; 7 | ||
| 610 | 0 | |a Parc del Montnegre i el Corredor (Catalunya) |v Guies |9 52679 | |
| 700 | |a Rasche i Villanova, Enric |9 40132 | ||
| 710 | 1 | |a Barcelona (Catalunya : Província). |b Diputació |9 52408 | |
| 901 | |a Arxiu | ||
| 942 | |n 1 | ||
| 952 | |0 0 |1 0 |4 0 |6 FU517 |7 1 |9 49429 |a Arxiu |b Arxiu |d 2016-12-01 |l 0 |o FU-51-7 |p 18469 |r 2016-12-01 00:00:00 |w 2016-12-01 |y ARXIU | ||
| 999 | |c 53271 |d 53271 | ||